| 000 | 00632nam a2200229Ia 4500 | ||
|---|---|---|---|
| 003 | OSt | ||
| 005 | 20220927105639.0 | ||
| 006 | a|||||r|||| 00| 0 | ||
| 007 | ta | ||
| 008 | 220926b |||||||| |||| 00| 0 eng d | ||
| 024 | _a179940 | ||
| 037 | _cReference Collections | ||
| 040 |
_aRTL _cRTL _beng |
||
| 041 |
_2eng _aeng |
||
| 082 | _a"X:54, K9/SC" | ||
| 100 |
_aFRUMKIN A _9373881 |
||
| 245 | 0 | _aModern theories of international economic relations. | |
| 260 |
_aMoscow _bProgress pub. _c1969 |
||
| 300 |
_a489p. _ccm. |
||
| 942 |
_h"X:54, K9/SC" _cCC |
||
| 999 |
_c693587 _d693587 |
||